Kilometer-High European Countries - Sudden Death - Statistics

General Stats
  • This quiz has been taken 1,092 times
    1,091 since last reset
  • The average score is 17 of 32
Answers on the Grid
Answers color-coded by a green-red scale on the quiz's grid according to % correct below.
Albania
Andorra
Austria
Belarus
Belgium
Bosnia and Herzegovina
Bulgaria
Croatia
Czech Republic
Denmark
Estonia
Finland
France
Germany
Greece
Hungary
Iceland
Ireland
Italy
Kosovo
Latvia
Liechtenstein
Lithuania
Luxembourg
Malta
Moldova
Monaco
Montenegro
Netherlands
North Macedonia
Norway
Poland
Portugal
Romania
Russia
San Marino
Serbia
Slovakia
Slovenia
Spain
Sweden
Switzerland
Ukraine
United Kingdom
Vatican City
 
Answer Stats
Answer % Correct
Grossglockner 3,798 m Austria
85%
Mont Blanc 4,808 m France
79%
Mont Blanc 4,808 m Italy
79%
Coma Pedrosa 2,942 m Andorra
77%
Zugspitze 2,962 m Germany
77%
Dufourspitze 4,634 m Switzerland
71%
Mount Elbrus 5,642 m Russia
67%
Galdhøpiggen 2,469 m Norway
66%
Mulhacén 3,482 m Spain
64%
Mount Olympus 2,917 m Greece
56%
Kebnekaise 2,104 m Sweden
56%
Vorder Grauspitz 2,599 m Liechtenstein
54%
Moldoveanu Peak 2,544 m Romania
53%
Snežka 1,603 m Czech Republic
50%
Hvannadalshnúkur 2,110 m Iceland
50%
Halti 1,324 m Finland
49%
Mount Korab 2,764 m Albania
48%
Dinara 1,831 m Croatia
47%
Rysy (NW summit) 2,499 m Poland
47%
Musala 2,925 m Bulgaria
46%
Maglic 2,386 m Bosnia and Herzegovina
45%
Triglav 2,864 m Slovenia
44%
Ben Nevis 1,345 m United Kingdom
44%
Gerlachovský štít 2,655 m Slovakia
43%
Hoverla 2,061 Ukraine
43%
Zla Kolata 2,534 m Montenegro
42%
Midžor 2,169 m Serbia
41%
Mount Korab 2,764 m North Macedonia
37%
Kékes 1,014 m Hungary
36%
Serra da Estrela 1,993 m Portugal
34%
Rudoka e Madhe 2,661 m Kosovo
31%
Carrauntoohil 1,039 m Ireland
16%
No matching quizzes found
Score Distribution
Percent of People with Each Score
Percentile by Number Answered
Your Score History
You have not taken this quiz since the last reset